• 首页
  • 本馆介绍
  • 公告通知
  • 最新文献
  • 馆藏检索
  • 电子资源
  • 读者导购
  • 参考咨询
  • 我的图书馆
  • 登录
  • 详细信息显示
  • 放入我的书架
  • 预约/预借图书
  • 作者相关作品
  • 分类相关作品
  • 丛书相关作品
  • 出版社相关作品

书目信息

  • 表格格式
  • 工作单格式
  • 卡片格式
题名:
邓小平论党员领导干部廉洁自律
    
 
作者: 中纪委办公厅 编
分册:  
出版信息: 北京   中国方正出版社  2000
页数: 125页
开本: 20cm
丛书名:
单 册:
中图分类: A849.162
科图分类:
主题词: 邓小平理论--廉政建设
电子资源:
ISBN: 7-80107-405-X
000 00613nam0 2200181 450
001 0755372578
005 20070719092225.78
010    @a7-80107-405-X@dCNY6.20
100    @a20070704d2000 km y0chiy0120 ea
101 0  @achi
200 1  @a邓小平论党员领导干部廉洁自律@Adeng xiao ping lun dang yuan ling dao gan bu lian jie zi lu@f中纪委办公厅编@Fzhong ji wei ban gong ting bian
210    @a北京@c中国方正出版社@d2000
215    @a125页@d20cm
606 0  @a邓小平理论@x廉政建设
690    @aA849.162@v3
701  0 @a中纪委办公厅@Azhong ji wei ban gong ting@4编
801  0 @aCN@bPFT@c20070719
905    @a10447@dA849.162@e48
    
    邓小平论党员领导干部廉洁自律/中纪委办公厅编.-北京:中国方正出版社,2000
    125页;20cm
    
    
    ISBN 7-80107-405-X:CNY6.20
    
●
相关链接 在E读中查询图书 在五车中查询图书 在当当中查询图书 在豆瓣中查询图书


正题名:邓小平论党员领导干部廉洁自律     索取号:A849.162/48         预约/预借

序号 登录号 条形码 馆藏地/架位号 状态 备注
1 0765262   207652627   第一样本阅览室/ [索取号:A849.162/48] 在馆    
2 0770505   207705054   密集书库/ [索取号:A849.162/48] 在馆    
唐山师范学院图书馆 欢迎您!
大连网信软件有限公司© 版权所有